Statistics for NCAA College Football Teams Quiz

Click here to take the quiz!

General Stats

  • This quiz has been taken 124,567 times
    (68,012 since last reset)
  • The average score is 82 of 130

Answer Stats

College% Correct
Alabama
94%
Texas
93%
Florida
92%
Ohio
91%
Georgia
91%
Michigan
90%
Florida State
88%
North Carolina
88%
Oklahoma
87%
Ohio State
87%
Oregon
87%
Michigan State
86%
Clemson
86%
Louisiana State
85%
Washington
85%
Mississippi
84%
USC
83%
Virginia
82%
UCLA
82%
Iowa
82%
Penn State
82%
Arizona
82%
South Carolina
82%
Notre Dame
82%
Miami
81%
Kentucky
81%
Kansas
81%
Oklahoma State
81%
Miami of Ohio
81%
Tennessee
81%
Wisconsin
80%
Washington State
79%
California
79%
Oregon State
79%
Texas Tech
79%
Texas A&M
79%
Arizona State
78%
Colorado
78%
Arkansas
78%
Mississippi State
77%
Auburn
77%
Indiana
77%
Nebraska
77%
Duke
77%
Illinois
76%
Kansas State
76%
Army
75%
Utah
75%
Minnesota
75%
Missouri
75%
Maryland
74%
Navy
74%
Georgia Tech
74%
Virginia Tech
74%
Iowa State
73%
West Virginia
73%
Vanderbilt
71%
NC State
71%
Stanford
69%
Rutgers
69%
Pittsburgh
68%
New Mexico
68%
Boston College
68%
Baylor
67%
Purdue
67%
TCU
66%
Syracuse
66%
Boise State
66%
Colorado State
66%
Air Force
65%
Brigham Young
65%
Central Florida
64%
Louisville
64%
Northwestern
63%
Wyoming
62%
Nevada
61%
Utah State
61%
Wake Forest
58%
New Mexico State
57%
Connecticut
57%
Houston
57%
Hawaii
57%
South Florida
56%
UNLV
54%
Memphis
53%
San Diego State
53%
Georgia State
53%
Cincinnati
52%
Massachusetts
52%
Arkansas State
49%
Western Michigan
49%
Tulane
48%
UTEP
47%
Texas State
47%
Eastern Michigan
46%
Central Michigan
46%
Southern Methodist
46%
Tulsa
46%
Temple
46%
Buffalo
45%
Florida Atlantic
45%
Akron
44%
Toledo
43%
Fresno State
42%
Florida Intl.
42%
Rice
41%
Marshall
40%
East Carolina
40%
UTSA
40%
Louisiana Tech
40%
Louisiana-Lafayette
39%
North Texas
39%
San Jose State
39%
UAB
39%
Bowling Green
39%
Liberty
38%
Western Kentucky
38%
Appalachian State
37%
Northern Illinois
36%
Louisiana-Monroe
36%
Kent State
36%
Ball State
35%
Georgia Southern
35%
Middle Tennessee
34%
Southern Miss
34%
Troy
33%
South Alabama
32%
Coastal Carolina
31%
Charlotte
29%
Old Dominion
29%

Score Distribution

Percentile by Number Answered

Percent of People with Each Score

Your Score History

You have not taken this quiz since the last reset